000 00806cab a2200241 4500
001 ABS53303
008 090401t1995 xxu||||| |||| 00| 0 eng d
035 _a(Sirsi) u3393
041 _aeng
100 _aSands, D.
245 _aAre we being served?
260 _c1995
350 _a0
490 _aEstates Gazette
_v(9527) 8 July 1995, 52-53(2)
520 _aThe current business climate is leading to an increase in competitiveness amongst firms of chartered surveyors. In this article views of clients and surveyors are given on the topic of fee-cutting.
650 _aABOUT RICS-RICS MEMBERS
650 _aFEE-CUTTING
650 _aPROFESSIONAL CHARGES
650 _aSURVEYING FIRMS
690 _aMANAGEMENT-BUSINESS MANAGEMENT-PROFESSIONAL PRACTICE
942 _n0
948 _c04/03/1997
999 _c2081
_d2081